Memoria leída en la Academia Matritense de Jurisprudencia y Legislación en la sesión inaugural del curso de 1877 a 1878 / (Record no. 158380)

MARC details
000 -LEADER
campo de control de longitud fija 00706nam a22001575i 4500
001 - NÚMERO DE CONTROL
campo de control 158380
003 - IDENTIFICADOR DE NÚMERO DE CONTROL
campo de control ES-MaACL
005 - FECHA Y HORA DE LA ÚLTIMA TRANSACCIÓN
campo de control 20230906211122.0
008 - DATOS DE LONGITUD FIJA--INFORMACIÓN GENERAL
campo de control de longitud fija 040830s1877 sp |||| | spa d
110 2# - ENTRADA PRINCIPAL--NOMBRE DE ENTIDAD CORPORATIVA
Nombre de entidad corporativa o nombre de jurisdicción como elemento de entrada Academia Matritense de Jurisprudencia y Legislación.
9 (RLIN) 1204
245 10 - MENCIÓN DEL TÍTULO
Título Memoria leída en la Academia Matritense de Jurisprudencia y Legislación en la sesión inaugural del curso de 1877 a 1878 /
Mención de responsabilidad, etc. por Rosendo Macaya y Anguera.
260 ## - PUBLICACIÓN, DISTRIBUCIÓN, ETC.
Lugar de publicación, distribución, etc. Madrid :
Nombre del editor, distribuidor, etc. [s.n.],
Fecha de publicación, distribución, etc. 1877 (
Fabricante Imp. del Ministerio de Gracia y Justicia)
300 ## - DESCRIPCIÓN FÍSICA
Extensión 31 p. ;
Dimensiones 22 cm.
700 1# - ENTRADA AGREGADA--NOMBRE PERSONAL
Nombre de persona Macaya y Anguera, Rosendo.
9 (RLIN) 129285
852 4# - LOCALIZACIÓN
Ubicación ES-MaACL
Número de control de estantería T-251-F-5
Nota libre - Enc. hol., falto de cub. original
-- - Enc. en un vol. facticio
Holdings
Estatus retirado Estado de pérdida Estado de daño No para préstamo Colección Biblioteca de origen Biblioteca actual Ubicación en estantería Fecha de adquisición Total de préstamos Signatura topográfica completa Código de barras Visto por última vez Precio de reemplazo Tipo de ítem Koha
        Colección de folletos Biblioteca del Ateneo de Madrid Biblioteca del Ateneo de Madrid Depósito folletos 17/01/2008   T-251-F-5 1165764 23/02/2023 23/02/2023 Folleto